[Event "Cologne Longerich op 6th"]
[Site "Cologne"]
[Date "2009.08.23"]
[Round "3"]
[White "Schwab, David"]
[Black "Karwatzki, Hans Juergen"]
[Result "0-1"]
[WhiteElo "984"]
[BlackElo "1634"]
[PlyCount "34"]
[EventDate "2009.08.21"]
[EventType "swiss"]
[EventRounds "5"]
[EventCountry "GER"]
[SourceTitle "EXT 2012"]
[Source "ChessBase"]
[SourceDate "2011.11.24"]
[SourceVersion "1"]
[SourceVersionDate "2011.11.24"]
[SourceQuality "1"]

1. Nc3 e5 2. Nf3 Nc6 3. e4 f5 4. Bc4 fxe4 5. Nxe4 d5 6. Bd3 dxe4 7. Bxe4 Bc5 8. 0-0 Bg4 9. d3 Nf6 10. h3 Nxe4 11. hxg4 Nf6 12. Qe2 0-0 13. Nxe5 Nxe5 14. Qxe5 Bd6 15. Qd4 Bh2+ 16. Kxh2 Qxd4 17. g3 Nxg4+ 0-1

[Event "Baden-ch U14"]
[Site "Schoeneck"]
[Date "2009.01.03"]
[Round "4"]
[White "Schwab, David"]
[Black "Wagner, Araj"]
[Result "0-1"]
[WhiteElo "1027"]
[BlackElo "1095"]
[PlyCount "56"]
[EventDate "2009.01.02"]
[EventType "swiss"]
[EventRounds "7"]
[EventCountry "GER"]
[SourceTitle "EXT 2010"]
[Source "ChessBase"]
[SourceDate "2010.11.25"]
[SourceVersion "1"]
[SourceVersionDate "2010.11.25"]
[SourceQuality "1"]

1. e4 c5 2. Nf3 Nc6 3. d4 cxd4 4. Nxd4 e5 5. Nxc6 bxc6 6. Nc3 Bb4 7. Bd2 Nf6 8. g3 d6 9. Bg2 0-0 10. 0-0 Bg4 11. Qc1 Qd7 12. Bg5 Nh5 13. a3 Bxc3 14. bxc3 f6 15. Be3 Bh3 16. Qd1 g6 17. Qf3 Bg4 18. Bh3 Bxh3 19. Rfe1 Bg4 20. Qg2 Be6 21. Bh6 Rf7 22. Rab1 Rc8 23. Red1 d5 24. exd5 Bxd5 25. Qf1 Nf4 26. c4 Nh3+ 27. Qxh3 Qxh3 28. cxd5 Qxh6 0-1

[Event "Baden-ch U14"]
[Site "Schoeneck"]
[Date "2009.01.02"]
[Round "1"]
[White "Schwab, David"]
[Black "Weber, Clemens"]
[Result "0-1"]
[WhiteElo "1027"]
[BlackElo "1440"]
[PlyCount "46"]
[EventDate "2009.01.02"]
[EventType "swiss"]
[EventRounds "7"]
[EventCountry "GER"]
[SourceTitle "EXT 2010"]
[Source "ChessBase"]
[SourceDate "2010.11.25"]
[SourceVersion "1"]
[SourceVersionDate "2010.11.25"]
[SourceQuality "1"]

1. e4 e5 2. Nf3 Nc6 3. d4 exd4 4. Nxd4 Nf6 5. Nc3 d6 6. g3 Be7 7. Bg2 Bd7 8. 0-0 0-0 9. Bf4 Re8 10. Re1 Nxd4 11. Qxd4 Bc6 12. Qd3 Nd7 13. b4 Ne5 14. Bxe5 dxe5 15. Qxd8 Raxd8 16. Rad1 Bxb4 17. Rxd8 Rxd8 18. Re3 Bxc3 19. Rxc3 Rd1+ 20. Bf1 Bb5 21. Kg2 Bxf1+ 22. Kf3 Rd7 23. Rb3 b6 0-1

[Event "Baden-ch U14"]
[Site "Karlsruhe"]
[Date "2008.01.06"]
[Round "7"]
[White "Schwab, David"]
[Black "Kroeger, Carsten"]
[Result "1-0"]
[WhiteElo "979"]
[BlackElo "1205"]
[PlyCount "119"]
[EventDate "2008.01.02"]
[EventType "swiss"]
[EventRounds "7"]
[EventCountry "GER"]
[SourceTitle "EXT 2009"]
[Source "ChessBase"]
[SourceDate "2008.11.26"]
[SourceVersion "1"]
[SourceVersionDate "2008.11.26"]
[SourceQuality "1"]

1. e4 d5 2. exd5 Nf6 3. d4 Nxd5 4. Nf3 Nc6 5. Bc4 Nf6 6. Nc3 Bg4 7. d5 Ne5 8. Bb3 Nxf3+ 9. gxf3 Bf5 10. Bg5 e5 11. Qe2 Bd6 12. 0-0-0 h6 13. Bh4 0-0 14. Rhg1 Bg6 15. Ne4 Bxe4 16. fxe4 Be7 17. Qe3 Kh7 18. Rg2 Nh5 19. Bxe7 Qxe7 20. Qf3 Nf4 21. Rg3 Qf6 22. Rdg1 Rg8 23. Bc4 Rac8 24. Bf1 a6 25. Bh3 Nxh3 26. Rxh3 c6 27. c3 cxd5 28. exd5 Rc4 29. Qd3+ e4 30. Qxc4 Qf4+ 31. Kd1 Qf5 32. Rhg3 g6 33. Qe2 Qxd5+ 34. Qd2 Qh5+ 35. Ke1 b5 36. Qe3 Rd8 37. Kf1 Qxh2 38. Rh3 Qe5 39. Qxh6+ Kg8 40. Qh7+ Kf8 41. Qh8+ Qxh8 42. Rxh8+ Ke7 43. Rxd8 Kxd8 44. Rg4 Ke7 45. Rxe4+ Kd7 46. Kg2 f5 47. Re1 Kd6 48. f4 Kd5 49. Kg3 Kc4 50. Kh4 Kd3 51. Kg5 Kc2 52. Re2+ Kd3 53. Rg2 a5 54. Kxg6 a4 55. Kxf5 a3 56. bxa3 Kxc3 57. Rg3+ Kb2 58. Ke4 Kxa2 59. f5 Kb2 60. f6 1-0